عرض عادي عرض مارك
  • Computer engineering.

مدخل مصطلح موضوعي

عدد التسجيلات المستخدمة في: 6

001 - رقم الضبط

  • حقل الضبط: 11725

003 - معرف رقم الضبط

  • حقل الضبط: OSt

005 - تاريخ ووقت أخر عملية

  • حقل الضبط: 20120420230827.0

008 - عناصر بيانات ثابتة الطول

  • حقل تحكم ثابت الطول: 120420|||a|||||| | ||| d

040 ## - مصدر الفهرسة

  • هيئة الفهرسة الأصلية: OSt
  • وكالة الكتابة: OSt

150 ## - مدخل-- مصطلح تاريخي

  • عنصر مدخل المصطلح الموضوعي او الاسم الجغرافي: Computer engineering.

670 ## - بيانات المصدر موجوده

  • الاستشهاد بالمصدر: Work cat.: (OSt)0: Kerns, David V. 11724, Essentials of electrical and computer engineering /, c2004.